|
|
|
|
| LEADER |
00000nab a2200000 a 4500 |
| 001 |
vtls010731056 |
| 003 |
SK-MaSNL |
| 005 |
20260304191826.0 |
| 008 |
250709s2006 xo |||||||||||||||||slo| |
| 035 |
|
|
|a (urnnbn)urn:nbn:sk:snk:ar-a058cf
|
| 035 |
|
|
|a (uuid)231cea5d-920d-4f47-a14b-cf33e5226d62
|
| 035 |
|
|
|a urn:nbn:sk:snk-ab3tou
|
| 040 |
|
|
|a SNKBUCL
|b slo
|c SNKBUCL
|e AACR2
|
| 041 |
0 |
|
|a eng
|
| 044 |
|
|
|a xo
|c SK
|
| 100 |
1 |
|
|a Glasa, Jozef,
|d 1960-
|4 aut
|9 217722
|
| 245 |
1 |
0 |
|a NATIONAL REGULATION OF HEALTH CARE ETHICS COMMITTEES - SLOVAK REPUBLIC
|c Jozef Glasa, Katarína Glasová
|
| 700 |
1 |
|
|a Glasová, Katarína
|4 aut
|9 275119
|
| 773 |
0 |
|
|t Medicínska etika a bioetika : časopis pre medicínsku etiku a bioetiku
|g Roč. 13, č. 1-2 (2006), s. 9-12
|
| 850 |
|
|
|a Slovenská národná knižnica
|
| 852 |
|
|
|a Slovenská národná knižnica
|
| 958 |
|
|
|a article1
|
| 958 |
|
|
|a OND
|
| 958 |
|
|
|a EUIPO
|
| 999 |
|
|
|c 3056813
|d 3058743
|